Basic histology

Guardado en:
Detalles Bibliográficos
Autor principal: Luis C Junqueira
Formato: Libro
Lenguaje:Undetermined
Publicado: New Jersey Prentice-Hall 1971
Materias:
Etiquetas: Agregar Etiqueta
Sin Etiquetas, Sea el primero en etiquetar este registro!
Thư viện lưu trữ: Trung tâm Học liệu Trường Đại học Cần Thơ
LEADER 00576nam a2200193Ia 4500
001 CTU_9114
008 210402s9999 xx 000 0 und d
020 |b ?PL: Đề nghị chuyển số PL về số 611.018 
082 |a 591.824 
082 |b J95 
100 |a Luis C Junqueira 
245 0 |a Basic histology 
245 0 |c Luis C Junqueira, José Carneiro 
260 |a New Jersey 
260 |b Prentice-Hall 
260 |c 1971 
650 |a histology 
904 |i Nguyễn Quang Điền, 960601 
980 |a Trung tâm Học liệu Trường Đại học Cần Thơ